Collins dictionary [of] sociology / (Record no. 14931)
[ view plain ]
| 000 -LEADER | |
|---|---|
| fixed length control field | 00739nam a22002412 4500 |
| 001 - CONTROL NUMBER | |
| control field | 0000003107 |
| 005 - DATE AND TIME OF LATEST TRANSACTION | |
| control field | 20151217161132.0 |
| 008 - FIXED-LENGTH DATA ELEMENTS--GENERAL INFORMATION | |
| fixed length control field | 070427s xx 000 0 eng d |
| 020 ## - INTERNATIONAL STANDARD BOOK NUMBER | |
| Terms of availability | KES 1,100 |
| 040 ## - CATALOGING SOURCE | |
| Original cataloging agency | KABU |
| Transcribing agency | KABU |
| 050 #0 - LIBRARY OF CONGRESS CALL NUMBER | |
| Classification number | HM17 |
| Item number | .J37 2000 |
| 100 1# - MAIN ENTRY--PERSONAL NAME | |
| Personal name | Jary, David. |
| -- | 0000152748 |
| 245 10 - TITLE STATEMENT | |
| Title | Collins dictionary [of] sociology / |
| Statement of responsibility, etc. | by David Jary and Julia Jary. |
| 250 ## - EDITION STATEMENT | |
| Edition statement | 3rd ed. |
| 260 ## - PUBLICATION, DISTRIBUTION, ETC. (IMPRINT) | |
| Place of publication, distribution, etc. | London : |
| Name of publisher, distributor, etc. | HarperCollins, |
| Date of publication, distribution, etc. | 2000. |
| 300 ## - PHYSICAL DESCRIPTION | |
| Extent | viii, 712 p. |
| 650 #0 - SUBJECT ADDED ENTRY--TOPICAL TERM | |
| Topical term or geographic name as entry element | Sociology |
| Form subdivision | Dictionaries. |
| -- | 0000152749 |
| 700 1# - ADDED ENTRY--PERSONAL NAME | |
| Personal name | Jary, Julia. |
| -- | 0000152750 |
| 908 ## - PUT COMMAND PARAMETER (RLIN) | |
| Put command parameter | 070427 |
| 950 ## - LOCAL HOLDINGS (RLIN) | |
| -- | 1 |
| Withdrawn status | Lost status | Source of classification or shelving scheme | Not for loan | Home library | Current library | Date acquired | Total Checkouts | Full call number | Barcode | Date last seen | Price effective from | Koha item type |
|---|---|---|---|---|---|---|---|---|---|---|---|---|
| Library of Congress Classification | Not For Loan | Kabarak, Main Campus | Kabarak, Main Campus | 17/12/2015 | HM17 .J37 2000 | 010100 | 17/12/2015 | 17/12/2015 | Reference | |||
| Library of Congress Classification | Not For Loan | Kabarak, Main Campus | Kabarak, Main Campus | 17/12/2015 | HM17 .J37 2000 | 010101 | 17/12/2015 | 17/12/2015 | Reference |